000 00272nam a22001217a 4500
041 _aENG
100 _aBharambe.P.R
245 _aIrrigated Black Soil Problems and Management
260 _aParbhani
_bMAU
_c2001
300 _a50
650 _aIDE ( 05 )
856 _uIDE ( 05 )
999 _c2773
_d2773